Famous People With The Same Initials #2 - Statistics

General Stats
  • This quiz has been taken 24 times
  • The average score is 11 of 24
Answer Stats
Initials Hint Answer % Correct
MC Miley Cyrus Discovered radium Marie Curie
100%
MT Margaret Thatcher Samuel Langhorne Clemens Mark Twain
77%
BS Britney Spears His famous novel is set in Transylvania Bram Stoker
73%
SG Siddharta Gautama German tennis player, multiple Grand Slam winner Steffi Graf
73%
AH Alexander Hamilton His movies featured Grace Kelly, Kim Novak and Sean Connery Alfred Hitchcock
68%
AF Alexander Fleming *1929, Frankfurt – †1945, Bergen-Belsen Anne Frank
64%
P Pocahontas The sum of the areas of the two squares on the legs equals the area of the square on the hypotenuse. Pythagoras
64%
BM Benito Mussolini *1945, Jamaica – †1981, Florida, USA Bob Marley
59%
SG Steffi Graf He reached nirvana when meditating under a sacred fig tree Siddharta Gautama
59%
MT Mark Twain PM during the reign of Queen Elizabeth II Margaret Thatcher
55%
JA Jennifer Aniston "It is a truth universally acknowledged..." reads her novel Jane Austen
50%
AH Alfred Hitchcock 1st United States Secretary of the Treasury Alexander Hamilton
45%
DB Dan Brown Died in 2016 yet is the best-selling vinyl artist of the 21st century David Bowie
45%
BM Bob Marley He was (likely) summarily executed by a communist partisan in 1945 Benito Mussolini
36%
MC Marie Curie Delivered a naughty performance at the 2013 MTV Awards Miley Cyrus
36%
P Pythagoras *Werowocomoco, Tsenacommacah – †Kent, England Pocahontas
36%
DB David Bowie Wrote about symbologist Langdon and cryptologist Sophie Neveu Dan Brown
32%
AF Anne Frank 1945 Nobel Prize in Physiology or Medicine Alexander Fleming
27%
CM Cillian Murphy Impression, soleil levant (1872) Claude Monet
27%
JA Jane Austen Her father (also an actor) was named Yannis Anastassakis at birth Jennifer Aniston
27%
AL Adriana Lima Political affiliation: Whig, Republican Abraham Lincoln
18%
AL Abraham Lincoln Victoria's Secret Angel (1999-2018) from Brazil Adriana Lima
18%
BS Bram Stoker #Free******* Britney Spears
9%
CM Claude Monet Pretended to invent a nuclear weapon in 2023 Cillian Murphy
5%
No matching quizzes found
Score Distribution
Percent of People with Each Score
Percentile by Number Answered
Your Score History
You have not taken this quiz